Prasanga chitrakala o Rabindranath (Record no. 955246)

MARC details
000 -LEADER
fixed length control field 00715nam a2200253Ia 4500
003 - CONTROL NUMBER IDENTIFIER
control field OSt
005 - DATE AND TIME OF LATEST TRANSACTION
control field 20221005045553.0
008 - FIXED-LENGTH DATA ELEMENTS--GENERAL INFORMATION
fixed length control field 221004b |||||||| |||| 00| 0 ben d
037 ## - SOURCE OF ACQUISITION
Terms of availability Textual
040 ## - CATALOGING SOURCE
Original cataloging agency CRL
Transcribing agency CRL
Language of cataloging ben
041 ## - LANGUAGE CODE
Source of code ben
Language code of text/sound track or separate title ben
100 ## - MAIN ENTRY--PERSONAL NAME
Personal name Gupta Anupam Au.
9 (RLIN) 593744
245 #0 - TITLE STATEMENT
Title Prasanga chitrakala o Rabindranath
260 ## - PUBLICATION, DISTRIBUTION, ETC.
Place of publication, distribution, etc. Kolkata
Name of publisher, distributor, etc. Dasdishi India
Date of publication, distribution, etc. 2012
300 ## - PHYSICAL DESCRIPTION
Extent 164p.
Dimensions cm.
650 ## - SUBJECT ADDED ENTRY--TOPICAL TERM
Topical term or geographic name entry element PAINTING
9 (RLIN) 34359
942 ## - ADDED ENTRY ELEMENTS (KOHA)
Classification part NQ4475, 157Q2
Koha item type Textual
Source of classification or shelving scheme
Holdings
Withdrawn status Lost status Damaged status Not for loan Home library Current library Date acquired Source of acquisition Total Checkouts Full call number Barcode Date last seen Price effective from Koha item type
        Central Library Central Library 2022-10-05 Gift, 28/09/2017,   NQ4475 157Q2 CL1171710 2022-10-05 2022-10-05 Textual
Copyright @ Delhi University Library System